Political Power: Ronald Reagan /

Was the Soviet Union an 'Evil Empire'? Was President Ronal Reagan at the right place and right time when it collapsed? Or was he one of the shrewdest occupants of the White House? Find out how this Midwesterner-turned-actor-turned-President went from B-movies to revitalizing the Republican...

Full description

Bibliographic Details
Corporate Author: Library Pass, LLC
Other Authors: Smith, Don (writer.)
Format: eBook
Language:English
Published: [United States] : TidalWave Productions, 2011.
Subjects:
Online Access:Connect to this electronic book (First time users create your free account)

MARC

Tag First Indicator Second Indicator Subfields
LEADER 00000nmm a22000001a 4500
001 in00004618708
006 m|||||o||m||||||||
007 cr|cn |||uuuuu
008 221118s2011 xxu||||eo|||| ||||||eng d
005 20221207215618.0
035 |a (TxWaIVM)IV1102TiPo 
040 |a TxWaIVM  |c TxWaIVM 
245 0 0 |a Political Power: Ronald Reagan /  |c powered by Library Pass. 
260 3 |a [United States] :  |b TidalWave Productions,  |c 2011. 
300 |a 1 online resource. 
336 |a text  |b txt  |2 rdacontent 
337 |a computer  |b c  |2 rdamedia 
338 |a online resource  |b cr  |2 rdacarrier 
520 |a Was the Soviet Union an 'Evil Empire'? Was President Ronal Reagan at the right place and right time when it collapsed? Or was he one of the shrewdest occupants of the White House? Find out how this Midwesterner-turned-actor-turned-President went from B-movies to revitalizing the Republican Party and orchestrating the end of the Cold War. 
521 |a 4 
538 |a Requires a valid library card and registration for new users. 
538 |a Mode of access: World Wide Web. 
538 |a System requirements: Flash 10.1 or higher, Windows XP and higher, Internet Explorer 7 and higher, Firefox 3.6 and higher, Google Chrome; Max OS 10.5 and higher, Safari 4 and higher. 
650 0 |a Biographical comic books, strips, etc. 
655 7 |a Electronic books.  |2 local 
655 7 |a Biographical comic books, strips, etc.  |2 gsafd 
650 0 |a Comic books, strips, etc. --Education 
655 7 |a Comic books, strips, etc. --Education  |2 gsafd 
650 0 |a Comic books, strips, etc. --Creative nonfiction 
655 7 |a Comic books, strips, etc. --Creative nonfiction  |2 gsafd 
650 0 |a Comic books, strips, etc. --Political aspects 
655 7 |a Comic books, strips, etc. --Political aspects  |2 gsafd 
700 1 |a Smith, Don.  |e writer. 
700 1 |a Akberali, Azim.  |e artist. 
700 1 |a Foley, Heath.  |e artist. 
700 1 |a Swan, Kirtsy.  |e artist. 
710 2 |a Library Pass, LLC. 
856 4 0 |u http://proxy.library.tamu.edu/login?url=https://tamu.librarypass.com/product/com.iversecomics.bluewater.productions.political.power.ronald.reagan.06062011  |z Connect to this electronic book (First time users create your free account)  |t 0 
955 |a Comics Plus. 
999 f f |s dae6bee5-e68f-4929-96cd-3b0c1c140edf  |i 65505c9d-7cfb-4b62-8215-2caf67e7df18  |t 0 
952 f f |a Texas A&M University  |b College Station  |c Electronic Resources  |d Available Online  |t 0  |h Library of Congress classification 
998 f f |t 0  |l Available Online